000 00217nam a2200097Ia 4500
008 240331s9999 xx 000 0 und d
082 _bMAH
100 _aMahendran, K
245 0 _aKirekkathin`tholseer aranku
942 _cL
999 _c3698
_d3698